| 000 | 00505nam a2200181 4500 | ||
|---|---|---|---|
| 003 | OSt | ||
| 005 | 20221116171958.0 | ||
| 008 | 221111b |||||||| |||| 00| 0 eng d | ||
| 020 | _a970 18 8266 0 | ||
| 040 | _cBiblioteca Lado V | ||
| 082 |
_a730.92 _bI59f |
||
| 110 |
_aInstituto Nacional de Bellas Artes _eautor |
||
| 245 | _aFred Sandback Escultura/ | ||
| 260 |
_c1987 _aMexico |
||
| 300 |
_a88p. _c20x25cm |
||
| 700 |
_aSalas, Carlos _eautor |
||
| 942 |
_2ddc _c1 _h730.92 _iI59f _n0 |
||
| 999 |
_c2670 _d2670 |
||